Plan de reformas a la enseñanza secundaria, en sus fines, su organización y su función social : (Record no. 19907)
[ view plain ]
| 000 -LEADER | |
|---|---|
| fixed length control field | 00844cam a22002171i 4500 |
| 001 - CONTROL NUMBER | |
| control field | e 15002715 |
| 003 - CONTROL NUMBER IDENTIFIER | |
| control field | DLC |
| 005 - DATE AND TIME OF LATEST TRANSACTION | |
| control field | 20260227111205.0 |
| 008 - FIXED-LENGTH DATA ELEMENTS--GENERAL INFORMATION | |
| fixed length control field | 780228s1915 ag a 001 0 spa c |
| 010 ## - LIBRARY OF CONGRESS CONTROL NUMBER | |
| LC control number | e 15002715 |
| 035 ## - SYSTEM CONTROL NUMBER | |
| System control number | (OCoLC)3675630 |
| 040 ## - CATALOGING SOURCE | |
| Original cataloging agency | Library, U. S. Bur. of Education |
| Transcribing agency | DNIE |
| Modifying agency | DLC |
| 042 ## - AUTHENTICATION CODE | |
| Authentication code | premarc |
| 050 00 - LIBRARY OF CONGRESS CALL NUMBER | |
| Classification number | LA547 |
| Item number | .N4 |
| 100 1# - MAIN ENTRY--PERSONAL NAME | |
| Personal name | Nelson, Ernesto. |
| 245 10 - TITLE STATEMENT | |
| Title | Plan de reformas a la enseñanza secundaria, en sus fines, su organización y su función social : |
| Remainder of title | estudio sometido a la consideración del Señor ministro de justicia e instrucción pública, Dr. Tomás R. Cullen / |
| Statement of responsibility, etc. | por Ernesto Nelson. |
| 260 ## - PUBLICATION, DISTRIBUTION, ETC. | |
| Place of publication, distribution, etc. | Buenos Aires : |
| Name of publisher, distributor, etc. | "La Casa de los maestros," |
| Date of publication, distribution, etc. | 1915. |
| 300 ## - PHYSICAL DESCRIPTION | |
| Extent | 308 p. : |
| Other physical details | ill., diagrs. (2 fold.) |
| 500 ## - GENERAL NOTE | |
| General note | Includes index. |
| 650 #0 - SUBJECT ADDED ENTRY--TOPICAL TERM | |
| Topical term or geographic name entry element | Education, Secondary |
| General subdivision | Curricula |
| Geographic subdivision | Argentina. |
No items available.